Statistiques concernant Les pokémons de type Dragon

Cliquez ici pour prendre le quiz!

Statistiques générales

  • Ce quiz a été pris 80 fois
  • Le résultat moyen est 37 sur 45

Statistiques - réponses

GénérationRéponse% Correct
1Draco
100%
1Dracolosse
100%
1Minidraco
100%
3Drattak
98%
4Carchacrok
95%
4Carmache
95%
3Draby
95%
3Drackhaus
95%
4Dialga
93%
4Giratina
93%
4Griknot
93%
4Palkia
93%
5Reshiram
93%
5Kyurem
92%
3Rayquaza
92%
5Tranchodon
92%
5Zekrom
92%
3Altaria
90%
5Coupenotte
90%
5Diamat
90%
5Incisache
90%
5Trioxhydre
90%
5Drakkarmin
88%
5Solochi
88%
2Hyporoi
85%
3Latias
83%
3Latios
83%
3Libégon
80%
3Vibraninf
80%
7Ékaïser
78%
6Zygarde
78%
7Bébécaille
75%
7Écaïd
73%
6Muplodocus
71%
7Draïeul
69%
6Mucuscule
69%
6Rexillius
68%
7Boumata
66%
6Kravarech
66%
6Bruyverne
63%
6Colimucus
63%
7Engloutyran
63%
6Ptyranidur
63%
6Sonistrelle
63%
7Mandrillon
51%

Distribution des résultats

Percentile par nombre de réponses

% des personnes avec chaque résultat

Votre développement - résultats

Vous n’avez pas pris ce quiz